Překladatelské miniatury

Bibliographic Details
Main Author: Hrdlička, Milan, 1960- (Author)
Format: Book
Language:Czech
PhysicalDescription:113 s. 21 cm
Published: Praha Karolinum 2014
ISBN:9788024625010
Edition:2. rozš. vyd.
Subjects:

MARC

LEADER 00000cam a2200000 a 4500
001 vtls010608060
003 SK-MaSNL
005 20260301133845.0
008 160429s2014 xr f 001 0 cze
020 |a 9788024625010  |q (brož.) 
040 |a SNK  |b slo  |c SNK  |e AACR2 
041 0 |a cze  |b eng  |b ger 
044 |a xr  |c CZ 
072 7 |a 81  |x Lingvistika. Jazyky  |2 konspekt 
080 |a 81'255.4  |2 2001 
080 |a 81'25  |2 2001 
080 |a (048.8)  |2 2001 
100 1 |a Hrdlička, Milan,  |d 1960-  |4 aut  |9 232662 
245 1 0 |a Překladatelské miniatury  |c Milan Hrdlička 
250 |a 2. rozš. vyd. 
260 |a Praha  |b Karolinum  |c 2014 
300 |a 113 s.  |c 21 cm 
546 |a Res. angl., nem. 
550 |a Vydavateľ: Univerzita Karlova 
650 0 7 |a literárny preklad  |2 SNKPH  |9 28595 
650 0 7 |a teória prekladu  |2 SNKPH  |9 15928 
650 0 7 |a Theory of translation  |2 SNKPHeng  |9 275690 
650 0 7 |a Literary translation  |2 SNKPHeng  |9 268551 
655 7 |a monografie  |2 SNKPH  |9 70139 
655 7 |a Monographs  |2 SNKPHeng  |9 120675 
710 2 |a Univerzita Karlova  |4 pbl 
852 |a Slovenská národná knižnica 
919 |a 978-80-246-2501-0 
999 |c 754949  |d 756879 
952 |a SNK  |b SNK  |y VYP  |7 0  |p 17A1142666  |o snkIC 141546  |i snk2015/12021  |8 4  |g 4.93  |0 0  |1 0  |4 0  |d 2015-03-11  |l 0  |r 2026-02-23 23:45:55  |w 2026-02-23